00721nam a2200193 a 450000100060000000300090000600800410001502000150005604000280007108200180009910000210011724500400013826000360017830000110021450502310022565000270045665000240048365000200050715345CO-ViMGA141112s2004 ck r 000 u spa d a8420004790 aCO-ViMGAbspacCO-ViMGA04a636.213 M177a1 aMatsushima, J.K.10aAlimentación de vacuno para carne aZaragoza (E), cAcribia, c1979 a142.p. aNutrientes Clasificación de los alimentos Metodos para formulación de raciones Preparación de los alimentos para vacuno productor de carne Sistemas de alimentación Aditivos de los alimentos Estimulantes del crecimiento14aALIMENTACION - VACUNOS14aALIMENTACION BOVINA14aGANADO DE CARNE